[Event "SVK-chT2D 0708"]
[Site "Slovakia"]
[Date "2007.12.02"]
[Round "6.1"]
[White "Lazo, Juraj"]
[Black "Butala, Stefan"]
[Result "1-0"]
[WhiteElo "2038"]
[BlackElo "2035"]
[PlyCount "109"]
[EventDate "2007.10.06"]
[EventType "team-tourn"]
[EventRounds "11"]
[EventCountry "SVK"]
[SourceTitle "EXT 2010"]
[Source "ChessBase"]
[SourceDate "2010.11.25"]
[SourceVersion "1"]
[SourceVersionDate "2010.11.25"]
[SourceQuality "1"]
[WhiteTeam "Zborov Magura"]
[BlackTeam "Velke Kapusany Energetik"]
[WhiteTeamCountry "SVK"]
[BlackTeamCountry "SVK"]

1. d4 d5 2. c4 c6 3. Nc3 Nf6 4. cxd5 cxd5 5. g3 e6 6. Bg2 a6 7. Nf3 Nbd7 8. 0-0 Be7 9. Bf4 Nh5 10. Be3 Nhf6 11. Rc1 b5 12. Bf4 Nh5 13. Nxd5 Nxf4 14. Nxf4 Bb7 15. Nd3 0-0 16. Qd2 Nb6 17. b3 Ba3 18. Rc2 Rc8 19. Rxc8 Qxc8 20. Qa5 Qc2 21. Qxa3 Qxe2 22. Nf4 Qc2 23. Rc1 b4 24. Rxc2 bxa3 25. Ne5 Bxg2 26. Kxg2 g5 27. Ne2 Nd5 28. Nc4 Nb4 29. Rd2 g4 30. Nxa3 Rb8 31. Nc4 Kg7 32. h3 h5 33. Nf4 Kh6 34. hxg4 hxg4 35. Ne5 Kg7 36. Nxg4 a5 37. Ne5 Rb5 38. Nc4 Kf8 39. Ne2 Nd5 40. Ne3 Nb4 41. Nc3 Rb8 42. Nc4 Ra8 43. d5 exd5 44. Nxd5 Nc6 45. Ndb6 Re8 46. a3 Re6 47. Rd6 Rxd6 48. Nxd6 Nd4 49. b4 axb4 50. axb4 Ke7 51. Nbc4 Kd7 52. Nxf7 Ke6 53. Nfe5 Kd5 54. Kh3 Ke4 55. f3+ 1-0